000 02353cam a22004694i 4500
003 PE-LiUPU
005 20250731173308.0
008 150616s1992 sp rb 000 0 spa d
020 _a8476455372
035 _a(Sirsi) i9788476455371
040 _aPE-LiUPU
_bspa
_cPE-LiUPU
_erda
049 _aPRUA
082 0 4 _a280.04
_bM26
_221
100 1 _aArgudo, Juan María,
_eautor.
245 1 0 _aNueva era, la conspiración final: (Un apunte aproximativo al fenómeno de la nueva era) /
_cJuan María Argudo.
264 1 _aBarcelona :
_bEditorial CLIE,
_c1992]
300 _a212 páginas ;
_c20 centímetros
336 _atext
_2rdacontent
337 _aunmediated
_2rdamedia
338 _avolume
_2rdacarrier
504 _aIncluye bibliografía.
505 0 _a¿Qué es la Nueva Era?: -- Realidad actual de la nueva era -- Algunos datos sueltos -- En busca de una religión mundial -- Oportuna aparición de la nueva era -- Declaración básica de fe. ¿Cuándo y cómo nace la Nueva Era?: -Bosquejando los inicios -- El punto de despegue -- El contexto histórico de la nueva era -- Rebelión contra lo establecido -- Avivamiento del ocultismo y uso de drogas -- Aparición del humanismo secular -- Acomodación de ideas en los años 70 y 80 -- Traspaso de conceptos y adecuación ideológica -- Política unificadora y de pactos. Los 6 pilares de la creencia Nueva Era: -Todo es uno o el monismo -- Todo es Dios o el panteísmo -- Divinidad humana -- El cambio de conciencia -- Unidad de religiones -- Resurgimiento del chardinismo.
526 _aSEG42
526 _aSEG41
526 _aSEG40
526 _aSEG39
526 _aP94
526 _aP87
526 _aP86
526 _aP85
526 _aP77
526 _aP76
526 _aP35
650 0 4 _aSectas - Epoca contemporanea (Nueva era).
910 _ajck
_bjvq
_cjck
942 _2ddc
_cBOOK
949 _a280.04 M26
_wDEWEY
_c1
_i33832
_d2016-10-27
_e2016-10-26
_lCCODEBUL1
_mBUL
_n1
_r0
_sY
_tBOOK
_u2015-6-16
_xTEOLOGIA
_zUNKNOWN
_0COMPRA
_o.STAFF. Colección General
994 _aC0
_bPEPRU
596 _a1
999 _a280.04 M26
_wDEWEY
_c44867
_i33832
_d44867
_e2016-10-26
_f2021-11-11
_g5
_lCCODEBUL1
_mBUL
_n1
_p10.00
_r0
_sY
_tBOOK
_u2015-6-16
_xTEOLOGIA
_PP35
_0COMPRA
_o.STAFF. Colección Teología
980 _81
_gALBERTO SANCHEZ Responsable de Automatización